01139cam a2200337Mc 4500003000900000005001700009008004100026020001500067020001800082035002700100040003300127082001700160100002700177245007400204264004500278300004400323336002100367337002500388338002300413504003900436504003200475505019000507526000900697526000900706526000800715526000800723526000800731541001700739650002400756650002100780PE-LiUPU20250731184050.0140204s2014 mdu b 001 0 eng d a1442227583 a9781442227583 a(Sirsi) i9781442227583 aPE-LiUPUbspacPE-LiUPUerda00a808.042bS741 aSpencer, Linda,d1943-10aWriting well in the 21st centurybthe five essentialscLinda Spencer.1 aLanham, Md. bRowman & Littlefieldc2014 avii, 156 páginas. ;c23 centímetros atext2rdacontent aunmediated2rdamedia avolume2rdacarrier aBibliografía : páginas 145-147 aÍndice: páginas 149-1560 aPunctuation, the choicesGrammar, clarity, clarity, clarity -- Facts, the acceptable and the unacceptable -- Style, create unique writing -- Voice, every writer's goal -- One final word. aP145 aP127 aP97 aP14 aP07 g003-0000802; 0aArtes del lenguaje. 0aReporte escrito.